Statistics for Biggest Cities in Europe by Region

Click here to take the quiz!

General Stats

  • This quiz has been taken 198 times
  • The average score is 23 of 26

Answer Stats

DivisionPopulationAnswer% Correct
West4,750,000Berlin
99%
North14,700,000London
99%
South6,450,000Madrid
98%
East17,200,000Moscow
98%
West11,400,000Paris
98%
South3,575,000Rome
97%
South4,725,000Barcelona
96%
North2,200,000Stockholm
94%
South5,200,000Milan
93%
East5,600,000Saint Petersburg
93%
East3,450,000Kiev
92%
North3,050,000Manchester
92%
North3,125,000Birmingham
91%
East2,325,000Warsaw
91%
South3,350,000Athens
90%
North1,670,000Copenhagen
90%
South4,225,000Naples
88%
West2,875,000Hamburg
82%
East2,200,000Bucharest
81%
East2,600,000Budapest
81%
South2,255,000Lisbon
81%
North1,870,000Liverpool
78%
North2,150,000Leeds
75%
West3,275,000Frankfurt am Main
73%
West5,000,000Cologne/Dusseldorf
68%
West3,225,000Rotterdam
60%

Score Distribution

Percentile by Number Answered

Percent of People with Each Score

Your Score History

You have not taken this quiz